| 000 | 01169nam0a22002651 4500 | ||
|---|---|---|---|
| 001 | rc\2365757 | ||
| 005 | 20250623053148.0 | ||
| 035 | _a(NLR Aleph) 006597520 | ||
| 090 |
_a7212451 _c7212451 |
||
| 100 | _a20110829d1976 |||y0rusy50 ca | ||
| 101 | 0 | _arus | |
| 102 | _aRU | ||
| 105 | _aa z ||||| | ||
| 200 | 1 |
_aАнализ состояния и перспективы развития спроса населения на фрукты по Латвийской ССР _eНауч. отчет по теме _eШифр темы 623-Латф. 75015727 _fРуководитель Л. Шадейко _gМ-во торг. СССР. ВНИИ по изучению спроса населения на товары нар. потребления и конъюнктуры торговли (ВНИИКС). Латв. филиал |
|
| 210 |
_aРига _cБ. и. _d1976 [обл. 1975] |
||
| 215 |
_a115 с. _cил. _d30 |
||
| 320 | _aБиблиогр.: с. 115 | ||
| 333 | _aДСП. Экз. № 46 | ||
| 801 | 0 |
_aRU _bNLR _gpsbo |
|
| 801 | 1 |
_aRU _bELAR _2rusmarc |
|
| 852 |
_aNLR _j76-50К/2150 |
||
| 899 |
_aRuMoRGB _jДСП |
||
| 899 |
_aRuMoRGB _jХ 8143 |
||
| 942 | _cBOOK | ||
| 980 | _aNB | ||